00427nam a2200157Ia 4500008004100000040001900041041001200060082003500072100001900107245005200126260002400178300001800202650001000220651001800230850002100248131103s9999 xx 000 0 und d aLoreto College aEnglish a822.91/ELIbLCLIB(press)/24488 aFisher, Robert aMurder in the cathedralb Notes cRobert Fisher aLondonbColesc1963 a59p. c 20cm. aEliot aEnglish drama aLCLIB/822.91/ELI